00415nam a2200169Ia 450000500170000000800410001702000220005804100080008008200150008810000130010324500140011626000370013030000090016750000280017665000280020470000130023220251120191845.0230125s9999 xx 000 0 und d a978-81-89988-96-8 aeng a158.1bDYE aDyer W W aThe Shift c2010bHay House IndiaaNew Delhi a119p aPersonality Development aPersonality Development aDyer W W